| 000 | 00463nam a22001697a 4500 | ||
|---|---|---|---|
| 005 | 20251108165930.0 | ||
| 008 | 250721s1988 xx 000 0 ara d | ||
| 082 | 1 | 4 | _aط/372.242/ترب |
| 245 | 1 | 0 | _aالتربية الدينية / |
| 264 | 1 |
_aبيروت : _bدار الجيل، _c1988. |
|
| 300 | _a2ج | ||
| 650 | 1 | 7 | _aالتليم الابتدائي |
| 650 | 1 | 7 | _aالإسلام |
| 650 | 1 | 7 | _aدراسة و تدريس |
| 942 |
_2ddc _cBK |
||
| 999 |
_c35163 _d35163 |
||